• 首页
  • 本馆介绍
  • 公告通知
  • 最新文献
  • 馆藏检索
  • 电子资源
  • 读者导购
  • 参考咨询
  • 我的图书馆
  • 登录
  • 详细信息显示
  • 放入我的书架
  • 预约/预借图书
  • 作者相关作品
  • 分类相关作品
  • 丛书相关作品
  • 出版社相关作品

书目信息

  • 表格格式
  • 工作单格式
  • 卡片格式
题名:
长征记
    
 
作者: 色诺芬 , Xenophon 著
分册:  
出版信息: 北京   商务印书馆  1985
页数: 216页
开本: 20cm
丛书名: 汉译世界学术名著丛书
单 册:
中图分类: K545.2
科图分类:
主题词: 历史--古希腊 , 南欧--历史
电子资源:
ISBN:
000 00876nam2 2200325 45
001 0185008423
005 20061115104509.46
010    @dCNY1.50
091    @aCN@b11017.620
100    @a19901008d1985 km y0chiy0121 ea
101 1  @achi@beng
102    @aCN@b110000
105    @ab z 000yy
200 10 @a长征记@Achang zheng ji@f(希)色诺芬(Xenophon)著
210    @a北京@c商务印书馆@d1985
215    @a216页@d20cm
225 2  @a汉译世界学术名著丛书
300    @a英文书名: Anabasis
300    @a根据洛布古典丛书布朗莱英译本1968年英文版译出
410  0 @120010@a汉译世界学术名著丛书
510 1  @aAnabasis@zeng
606    @a历史@y古希腊
606 0  @a南欧@x历史
607    @a古希腊@x历史
690    @aK545.2@v3
701  1 @a色诺芬@Ase nuo fen@4著
701 A1 @aXenophon@4著
801  2 @aCN@bNLC@c20061115
801  0 @aCN@bTSSF
905    @a10447@dK545.2@e3
    
    长征记/(希)色诺芬(Xenophon)著.-北京:商务印书馆,1985
    216页;20cm.-(汉译世界学术名著丛书)
    英文书名: Anabasis.-根据洛布古典丛书布朗莱英译本1968年英文版译出
    
    ISBN :CNY1.50
    
●
相关链接 在E读中查询图书 在五车中查询图书 在当当中查询图书 在豆瓣中查询图书


正题名:长征记     索取号:K545.2/3         预约/预借

序号 登录号 条形码 馆藏地/架位号 状态 备注
1 0171326   202441606   第二样本阅览室/ [索取号:K545.2/3] 在馆    
唐山师范学院图书馆 欢迎您!
大连网信软件有限公司© 版权所有